<?xml version="1.0" encoding="UTF-8"?><?xml-stylesheet type="text/xsl" href="static/style.xsl"?><OAI-PMH xmlns="http://www.openarchives.org/OAI/2.0/" xmlns:xsi="http://www.w3.org/2001/XMLSchema-instance" xsi:schemaLocation="http://www.openarchives.org/OAI/2.0/ http://www.openarchives.org/OAI/2.0/OAI-PMH.xsd"><responseDate>2026-04-17T05:37:15Z</responseDate><request verb="GetRecord" identifier="oai:www.recercat.cat:2072/449542" metadataPrefix="marc">https://recercat.cat/oai/request</request><GetRecord><record><header><identifier>oai:recercat.cat:2072/449542</identifier><datestamp>2025-01-15T15:48:14Z</datestamp><setSpec>com_2072_98</setSpec><setSpec>col_2072_378194</setSpec></header><metadata><record xmlns="http://www.loc.gov/MARC21/slim" xmlns:dcterms="http://purl.org/dc/terms/" xmlns:xsi="http://www.w3.org/2001/XMLSchema-instance" xmlns:doc="http://www.lyncode.com/xoai" xsi:schemaLocation="http://www.loc.gov/MARC21/slim http://www.loc.gov/standards/marcxml/schema/MARC21slim.xsd">
   <leader>00925njm 22002777a 4500</leader>
   <datafield ind2=" " ind1=" " tag="042">
      <subfield code="a">dc</subfield>
   </datafield>
   <datafield ind2=" " ind1=" " tag="720">
      <subfield code="a">Galobart i Cots, Jaume</subfield>
      <subfield code="e">author</subfield>
   </datafield>
   <datafield ind2=" " ind1=" " tag="720">
      <subfield code="a">Barroeta, Ana Cristina</subfield>
      <subfield code="e">author</subfield>
   </datafield>
   <datafield ind2=" " ind1=" " tag="720">
      <subfield code="a">Baucells Sánchez, María Dolores</subfield>
      <subfield code="e">author</subfield>
   </datafield>
   <datafield ind2=" " ind1=" " tag="720">
      <subfield code="a">Guardiola Ibarz, Francesc</subfield>
      <subfield code="e">author</subfield>
   </datafield>
   <datafield ind2=" " ind1=" " tag="260">
      <subfield code="c">1999</subfield>
   </datafield>
   <datafield ind2=" " ind1=" " tag="520">
      <subfield code="a">With the aim to establish the required amount of α-tocopherol to effectively prevent lipid oxidation in w3 FA enriched eggs, a trial was conducted with 2XX laying hens. Birds were randomly assigned to four treatments resulted from supplying a basal diet containing 5% of linseed oil (diet: 65% PUFA, 34,5% m3) with 0 (C), 50 (50E), 100 (I00E) or 200 (200E) ppm of alpha-tocopherol acetate. After 25 days of feeding, eggs were collected and lipid oxidation was measured by the Induced TBArs methodologya (Kornbrust and Mavis, 19X0) and expressed as ng MDA/g egg. At 150 min of incubation, supplementation with 50, 100, or 200 ppm of Vitamin F. promoted a dramatic decrease in the TBArs values of all treatments when compared to the control group (C: 2,63 v.v. 50E: 0,47; I00E: 0,4X; 200E: 0,3X; P«).00l). Moreover, no significant differences were found according to different levels of Vitamin E supplementation. From these data, we can conclude that supplying hens' diets with 50 ppm of alphatocopherol acetate can effectively reduce the lipid oxidation in co3 FA enriched eggs.</subfield>
   </datafield>
   <datafield tag="653" ind2=" " ind1=" ">
      <subfield code="a">Ous</subfield>
   </datafield>
   <datafield ind2="0" ind1="0" tag="245">
      <subfield code="a">Vitamin E levels and lipid oxidation in ω3 fatty acids enriched eggs</subfield>
   </datafield>
</record></metadata></record></GetRecord></OAI-PMH>